Statistics for Jem & The Holograms 80s Cartoon

Click here to take the quiz!

General Stats

  • This quiz has been taken 49 times
  • The average score is 10 of 13

Answer Stats

HintAnswer% Correct
Alter-Ego of aboveJem
95%
Younger sister of aboveKimber Benton
92%
The holographic computerSynergy
89%
Boyfriend of the leader of the HologramsRio Pacheco
87%
Owner of Starlight MusicJerrica Benton
84%
Misfit with white hairRoxanne "Roxy" Pelligrini
82%
Plays the base guitar for the HologramsShana Elmsford
79%
Lead guitarist of the HologramsAja Leith
76%
A greedy and manipulative music executiveEric Raymond
74%
The "nice" MisfitMary "Stormer" Phillips
74%
Leader of the MisfitsPhyllis "Pizzazz" Gabor
71%
English Misfit, a pickpocket and saxophone playerSheila "Jetta" Burns
66%
Drummer for the HologramsCarmen 'Raya' Alonso
53%

Score Distribution

Percentile by Number Answered

Percent of People with Each Score

Your Score History

You have not taken this quiz